Most Searched Living Organisms on Wikipedia - Statistics

General Stats
  • This quiz has been taken 26 times
  • The average score is 9 of 24
Answer Stats
# of searches Answer % Correct
61 million Cat
96%
50 million Dog
96%
37 million Human
88%
25 million Horse
83%
38 million Lion
75%
37 million Tiger
71%
20 million Snake
58%
20 million Spider
58%
22 million Bird
54%
20 million Shark
50%
27 million Elephant
42%
20 million Rabbit
42%
20 million Dolphin
33%
21 million Polar Bear
21%
26 million Virus
21%
29 million Dinosaur
17%
21 million Mammal
17%
22 million Apple
8%
21 million Potato
4%
38 million Animal
0%
37 million Coronavirus
0%
22 million Evolution
0%
23 million Photosynthesis
0%
20 million Platypus
0%
No matching quizzes found
Score Distribution
Percent of People with Each Score
Percentile by Number Answered
Your Score History
You have not taken this quiz